[Event "World Chess Olympiad 2018"]
[Site "Batumi"]
[Date "2018.10.02"]
[Round "8"]
[Board "1"]
[WhiteFideId "10601457"]
[White "Amin Bassem"]
[BlackFideId "4402669"]
[Black "Gallego Alcaraz Andres Felipe"]
[Result "1/2-1/2"]
[LiveChessVersion "1.4.8"]
[BlackElo "2511"]
[WhiteElo "2686"]

1. e4 {[%clk 1:28:35]} e6 {[%clk 1:30:50]} 2. d3 {[%clk 1:27:39]} d5
{[%clk 1:31:09]} 3. Qe2 {[%clk 1:26:58]} dxe4 {[%clk 1:30:37]} 4. dxe4
{[%clk 1:27:03]} e5 {[%clk 1:30:37]} 5. Nf3 {[%clk 1:27:24]} Nd7 {[%clk 1:27:41]}
6. Nbd2 {[%clk 1:18:28]} Bc5 {[%clk 1:16:05]} 7. Nb3 {[%clk 1:10:31]} Bb6
{[%clk 1:10:41]} 8. a4 {[%clk 1:08:20]} a5 {[%clk 1:09:12]} 9. Nfd2
{[%clk 1:05:14]} Ngf6 {[%clk 0:59:37]} 10. Nc4 {[%clk 1:04:58]} O-O
{[%clk 0:57:48]} 11. Bd2 {[%clk 0:49:14]} Nc5 {[%clk 0:54:45]} 12. Nxb6
{[%clk 0:40:42]} cxb6 {[%clk 0:45:05]} 13. Nxc5 {[%clk 0:40:03]} bxc5
{[%clk 0:45:28]} 14. f3 {[%clk 0:37:33]} Be6 {[%clk 0:37:27]} 15. Qf2
{[%clk 0:33:51]} Qd4 {[%clk 0:27:37]} 16. Bc3 {[%clk 0:33:36]} Qxf2+
{[%clk 0:27:28]} 17. Kxf2 {[%clk 0:34:04]} Nd7 {[%clk 0:22:14]} 18. Bb5
{[%clk 0:34:22]} f6 {[%clk 0:21:40]} 19. Rhd1 {[%clk 0:34:06]} Rfd8
{[%clk 0:21:23]} 20. Rd6 {[%clk 0:34:15]} Kf7 {[%clk 0:21:39]} 21. Rad1
{[%clk 0:34:34]} Ke7 {[%clk 0:21:32]} 22. R1d2 {[%clk 0:32:18]} Ra7
{[%clk 0:10:46]} 23. Ke3 {[%clk 0:32:35]} b6 {[%clk 0:09:37]} 24. h4
{[%clk 0:30:54]} Rb8 {[%clk 0:04:20]} 25. g3 {[%clk 0:30:15]} Nf8
{[%clk 0:03:53]} 26. f4 {[%clk 0:29:58]} exf4+ {[%clk 0:03:54]} 27. gxf4
{[%clk 0:30:27]} Bd7 {[%clk 0:03:35]} 28. f5 {[%clk 0:26:31]} Bxb5
{[%clk 0:03:38]} 29. axb5 {[%clk 0:27:00]} Nd7 {[%clk 0:01:13]} 30. Kf4
{[%clk 0:25:59]} Rbb7 {[%clk 0:00:57]} 31. h5 {[%clk 0:25:48]} h6
{[%clk 0:00:41]} 32. R6d3 {[%clk 0:25:42]} Kf7 {[%clk 0:00:32]} 33. Rg2
{[%clk 0:23:43]} Rb8 {[%clk 0:00:47]} 34. Rd6 {[%clk 0:23:35]} Re8
{[%clk 0:00:43]} 35. Re6 {[%clk 0:22:16]} Raa8 {[%clk 0:00:43]} 36. Rd6
{[%clk 0:20:52]} Ra7 {[%clk 0:01:02]} 37. Rgd2 {[%clk 0:20:43]} Re7
{[%clk 0:01:08]} 38. Rd1 {[%clk 0:17:22]} Rb7 {[%clk 0:01:02]} 39. R1d5
{[%clk 0:17:17]} Ra7 {[%clk 0:01:02]} 40. e5 {[%clk 0:45:41]} fxe5+
{[%clk 0:31:02]} 41. Bxe5 {[%clk 0:46:10]} a4 {[%clk 0:23:59]} 42. c4
{[%clk 0:46:15]} Ke8 {[%clk 0:21:52]} 43. Re6 {[%clk 0:43:17]} a3
{[%clk 0:16:55]} 44. bxa3 {[%clk 0:43:33]} Ra4 {[%clk 0:16:55]} 45. Bxg7
{[%clk 0:42:59]} Rxc4+ {[%clk 0:17:14]} 46. Kg3 {[%clk 0:40:18]} Ra4
{[%clk 0:06:16]} 47. Bxh6 {[%clk 0:30:31]} Rxa3+ {[%clk 0:05:57]} 48. Kh4
{[%clk 0:27:30]} Ra1 {[%clk 0:01:45]} 49. Rxe7+ {[%clk 0:21:22]} Kxe7
{[%clk 0:02:11]} 50. Bg5+ {[%clk 0:21:46]} Nf6 {[%clk 0:01:30]} 51. Bxf6+
{[%clk 0:22:03]} Kxf6 {[%clk 0:01:55]} 52. h6 {[%clk 0:22:21]} Rh1+
{[%clk 0:01:16]} 53. Kg4 {[%clk 0:22:49]} Rxh6 {[%clk 0:01:04]} 54. Rd6+
{[%clk 0:23:14]} Kg7 {[%clk 0:01:28]} 55. Rc6 {[%clk 0:23:42]} Rh1
{[%clk 0:00:37]} 56. Rxb6 {[%clk 0:24:04]} c4 {[%clk 0:00:41]} 57. Rc6
{[%clk 0:23:07]} Rb1 {[%clk 0:00:56]} 58. b6 {[%clk 0:21:25]} c3 {[%clk 0:01:08]}
59. Kg5 {[%clk 0:21:50]} Rg1+ {[%clk 0:01:26]} 60. Kf4 {[%clk 0:22:18]} Rb1
{[%clk 0:01:48]} 61. Ke5 {[%clk 0:16:37]} c2 {[%clk 0:01:48]} 62. Rc7+
{[%clk 0:15:39]} Kf8 {[%clk 0:02:06]} 63. Rxc2 {[%clk 0:15:45]} Rb5+
{[%clk 0:02:24]} 64. Kf6 {[%clk 0:16:05]} Rxb6+ {[%clk 0:02:50]} 65. Kg5
{[%clk 0:16:30]} Ra6 {[%clk 0:03:01]} 66. Rc7 {[%clk 0:13:38]} Rb6
{[%clk 0:03:22]} 67. Ra7 {[%clk 0:13:46]} Rc6 {[%clk 0:03:44]} 68. Kf4
{[%clk 0:14:10]} Rb6 {[%clk 0:03:50]} 69. Rd7 {[%clk 0:13:52]} Ra6
{[%clk 0:03:58]} 70. Ke5 {[%clk 0:11:43]} Ra5+ {[%clk 0:04:15]} 71. Rd5
{[%clk 0:11:59]} Rxd5+ {[%clk 0:04:37]} 72. Kxd5 {[%clk 0:12:27]} Kf7
{[%clk 0:05:02]} 73. Ke5 {[%clk 0:12:54]} Ke7 {[%clk 0:05:28]} 74. f6+
{[%clk 0:13:21]} Kf7 {[%clk 0:05:53]} 75. Kf5 {[%clk 0:13:49]} Kf8
{[%clk 0:06:16]} 76. Ke6 {[%clk 0:14:17]} Ke8 {[%clk 0:06:41]} 77. f7+
{[%clk 0:14:45]} Kf8 {[%clk 0:07:06]} 78. Kf6 {[%clk 0:15:11]} 1/2-1/2

[Event "World Chess Olympiad 2018"]
[Site "Batumi"]
[Date "2018.10.02"]
[Round "8"]
[Board "2"]
[WhiteFideId "4403940"]
[White "Rios Cristhian Camilo"]
[BlackFideId "10601619"]
[Black "Adly Ahmed"]
[Result "1/2-1/2"]
[LiveChessVersion "1.4.8"]
[BlackElo "2620"]
[WhiteElo "2465"]

1. d4 {[%clk 1:30:48]} Nf6 {[%clk 1:30:58]} 2. c4 {[%clk 1:31:04]} e6
{[%clk 1:31:25]} 3. Nc3 {[%clk 1:31:24]} Bb4 {[%clk 1:31:52]} 4. Qc2
{[%clk 1:31:41]} c5 {[%clk 1:32:19]} 5. dxc5 {[%clk 1:31:58]} Na6
{[%clk 1:32:46]} 6. a3 {[%clk 1:28:23]} Bxc3+ {[%clk 1:33:12]} 7. Qxc3
{[%clk 1:28:43]} Nxc5 {[%clk 1:33:39]} 8. b4 {[%clk 1:28:58]} Nce4
{[%clk 1:34:03]} 9. Qd4 {[%clk 1:26:00]} d5 {[%clk 1:34:31]} 10. c5
{[%clk 1:18:33]} b6 {[%clk 1:34:57]} 11. f3 {[%clk 1:18:33]} bxc5
{[%clk 1:35:25]} 12. bxc5 {[%clk 1:18:57]} Qa5+ {[%clk 1:35:52]} 13. Qb4
{[%clk 1:19:16]} Qc7 {[%clk 1:36:20]} 14. fxe4 {[%clk 1:09:58]} Rb8
{[%clk 1:36:45]} 15. Qa4+ {[%clk 1:04:19]} Bd7 {[%clk 1:37:13]} 16. c6
{[%clk 1:04:35]} Qe5 {[%clk 1:37:18]} 17. cxd7+ {[%clk 0:53:28]} Ke7
{[%clk 1:37:28]} 18. Qxa7 {[%clk 0:24:39]} Qc3+ {[%clk 1:37:28]} 19. Kd1
{[%clk 0:25:03]} Rhd8 {[%clk 1:34:36]} 20. Ra2 {[%clk 0:20:30]} Qb3+
{[%clk 1:34:30]} 21. Rc2 {[%clk 0:18:28]} Rb6 {[%clk 1:34:58]} 22. Qc7
{[%clk 0:16:08]} Nxe4 {[%clk 1:30:47]} 23. Ke1 {[%clk 0:13:15]} Rxd7
{[%clk 1:13:51]} 24. Qc8 {[%clk 0:13:31]} Rd8 {[%clk 1:14:10]} 25. Qc7+
{[%clk 0:13:55]} Rd7 {[%clk 1:14:26]} 26. Qc8 {[%clk 0:14:19]} Rd8
{[%clk 1:14:08]} 27. Qc7+ {[%clk 0:14:29]} 1/2-1/2

[Event "World Chess Olympiad 2018"]
[Site "Batumi"]
[Date "2018.10.02"]
[Round "8"]
[Board "3"]
[WhiteFideId "10613129"]
[White "Fawzy Adham"]
[BlackFideId "4403304"]
[Black "Sanchez Sebastian Felipe"]
[Result "0-1"]
[LiveChessVersion "1.4.8"]
[BlackElo "2424"]
[WhiteElo "2431"]

1. e4 {[%clk 1:30:56]} c5 {[%clk 1:30:55]} 2. Nf3 {[%clk 1:31:20]} e6
{[%clk 1:31:21]} 3. d4 {[%clk 1:31:43]} cxd4 {[%clk 1:31:46]} 4. Nxd4
{[%clk 1:32:10]} Nc6 {[%clk 1:32:11]} 5. Nc3 {[%clk 1:32:27]} Qc7
{[%clk 1:32:38]} 6. Be3 {[%clk 1:32:51]} a6 {[%clk 1:33:04]} 7. Qf3
{[%clk 1:32:58]} Nf6 {[%clk 1:29:59]} 8. O-O-O {[%clk 1:33:05]} Be7
{[%clk 1:24:21]} 9. Nxc6 {[%clk 1:25:43]} bxc6 {[%clk 1:23:10]} 10. Qg3
{[%clk 1:22:21]} Qxg3 {[%clk 1:21:24]} 11. hxg3 {[%clk 1:19:51]} Ng4
{[%clk 1:21:46]} 12. Bb6 {[%clk 1:18:58]} Rb8 {[%clk 1:10:34]} 13. Ba7
{[%clk 1:17:43]} Rb7 {[%clk 1:08:36]} 14. Be2 {[%clk 1:17:46]} Rxa7
{[%clk 1:07:56]} 15. Bxg4 {[%clk 1:18:14]} d6 {[%clk 1:04:25]} 16. Rh5
{[%clk 1:10:16]} g6 {[%clk 1:03:02]} 17. Ra5 {[%clk 1:04:35]} Bd8
{[%clk 1:00:19]} 18. Ra4 {[%clk 1:02:43]} Ke7 {[%clk 1:00:38]} 19. Rad4
{[%clk 0:54:38]} e5 {[%clk 0:56:32]} 20. Bxc8 {[%clk 0:52:33]} exd4
{[%clk 0:56:59]} 21. Ne2 {[%clk 0:52:52]} Bb6 {[%clk 0:53:10]} 22. Bh3
{[%clk 0:52:54]} Rb8 {[%clk 0:49:56]} 23. f3 {[%clk 0:45:28]} a5 {[%clk 0:44:40]}
24. a4 {[%clk 0:44:41]} Bc5 {[%clk 0:36:11]} 25. b3 {[%clk 0:39:56]} d5
{[%clk 0:32:48]} 26. exd5 {[%clk 0:36:23]} cxd5 {[%clk 0:33:13]} 27. Nxd4
{[%clk 0:36:39]} Bxd4 {[%clk 0:33:40]} 28. Rxd4 {[%clk 0:37:07]} Kd6
{[%clk 0:33:35]} 29. Kb2 {[%clk 0:36:18]} Kc5 {[%clk 0:29:36]} 30. Rf4
{[%clk 0:30:51]} Re7 {[%clk 0:29:33]} 31. g4 {[%clk 0:29:17]} Rb4
{[%clk 0:28:49]} 32. Rf6 {[%clk 0:29:45]} Rb6 {[%clk 0:29:15]} 33. Rf4
{[%clk 0:29:46]} f6 {[%clk 0:29:28]} 34. g5 {[%clk 0:20:22]} fxg5
{[%clk 0:27:26]} 35. Rf8 {[%clk 0:20:50]} Ra7 {[%clk 0:27:02]} 36. Rd8
{[%clk 0:19:58]} Rd6 {[%clk 0:25:58]} 37. Re8 {[%clk 0:19:22]} d4
{[%clk 0:17:17]} 38. Rc8+ {[%clk 0:19:48]} Rc6 {[%clk 0:15:17]} 39. Rd8
{[%clk 0:20:02]} Rac7 {[%clk 0:15:04]} 40. c4 {[%clk 0:38:42]} dxc3+
{[%clk 0:35:55]} 41. Kxc3 {[%clk 0:39:10]} Rd6 {[%clk 0:36:17]} 42. Rb8
{[%clk 0:37:31]} Rb6 {[%clk 0:33:58]} 43. Ra8 {[%clk 0:26:11]} Kd6+
{[%clk 0:34:16]} 44. Kd2 {[%clk 0:25:26]} Rc5 {[%clk 0:33:56]} 45. Ra7
{[%clk 0:20:52]} h5 {[%clk 0:31:50]} 46. b4 {[%clk 0:17:40]} axb4
{[%clk 0:29:39]} 47. a5 {[%clk 0:17:51]} Rbb5 {[%clk 0:24:32]} 48. a6
{[%clk 0:16:24]} b3 {[%clk 0:24:56]} 49. Rd7+ {[%clk 0:15:56]} Kc6
{[%clk 0:25:19]} 50. a7 {[%clk 0:12:12]} Ra5 {[%clk 0:25:47]} 51. Rd3
{[%clk 0:11:51]} Rd5 {[%clk 0:25:20]} 0-1

[Event "World Chess Olympiad 2018"]
[Site "Batumi"]
[Date "2018.10.02"]
[Round "8"]
[Board "4"]
[WhiteFideId "4404025"]
[White "Martinez Romero Martin"]
[BlackFideId "10600183"]
[Black "Hesham Abdelrahman"]
[Result "0-1"]
[LiveChessVersion "1.4.8"]
[BlackElo "2408"]
[WhiteElo "2438"]

1. e4 {[%clk 1:30:48]} c5 {[%clk 1:30:55]} 2. Nf3 {[%clk 1:31:15]} d6
{[%clk 1:31:18]} 3. d4 {[%clk 1:31:40]} cxd4 {[%clk 1:31:42]} 4. Nxd4
{[%clk 1:32:07]} Nf6 {[%clk 1:32:06]} 5. Nc3 {[%clk 1:32:34]} a6 {[%clk 1:32:30]}
6. Bc4 {[%clk 1:33:00]} e6 {[%clk 1:32:21]} 7. O-O {[%clk 1:33:24]} Be7
{[%clk 1:31:13]} 8. Bb3 {[%clk 1:33:08]} b5 {[%clk 1:31:05]} 9. Qf3
{[%clk 1:33:32]} Qb6 {[%clk 1:31:20]} 10. Bg5 {[%clk 1:33:56]} Nbd7
{[%clk 1:27:02]} 11. Rad1 {[%clk 1:27:13]} Ne5 {[%clk 1:22:19]} 12. Qe2
{[%clk 1:21:12]} O-O {[%clk 1:11:08]} 13. Kh1 {[%clk 1:20:07]} h6
{[%clk 0:58:51]} 14. Be3 {[%clk 1:18:24]} Qb7 {[%clk 0:57:27]} 15. f4
{[%clk 1:16:43]} Neg4 {[%clk 0:50:33]} 16. Bg1 {[%clk 1:11:27]} b4
{[%clk 0:45:00]} 17. Na4 {[%clk 1:11:24]} e5 {[%clk 0:41:24]} 18. Nf5
{[%clk 1:07:00]} exf4 {[%clk 0:37:34]} 19. Rxf4 {[%clk 1:04:20]} Bxf5
{[%clk 0:37:40]} 20. exf5 {[%clk 1:04:34]} Ne5 {[%clk 0:38:01]} 21. Nb6
{[%clk 1:02:31]} Rae8 {[%clk 0:35:55]} 22. Rxb4 {[%clk 1:01:22]} d5
{[%clk 0:26:58]} 23. Ra4 {[%clk 0:59:15]} Nc4 {[%clk 0:24:00]} 24. Nxc4
{[%clk 0:58:20]} Bc5 {[%clk 0:22:48]} 25. Na5 {[%clk 0:53:19]} Qc7
{[%clk 0:20:02]} 26. Qf1 {[%clk 0:52:33]} Bxg1 {[%clk 0:20:05]} 27. Qxg1
{[%clk 0:52:43]} Re5 {[%clk 0:19:27]} 28. c4 {[%clk 0:33:11]} d4 {[%clk 0:19:00]}
29. Qxd4 {[%clk 0:32:38]} Rfe8 {[%clk 0:18:20]} 30. g3 {[%clk 0:26:08]} Rxa5
{[%clk 0:16:42]} 31. Rxa5 {[%clk 0:25:45]} Qxa5 {[%clk 0:17:08]} 32. c5
{[%clk 0:25:40]} h5 {[%clk 0:14:34]} 33. Qc3 {[%clk 0:20:13]} Qb5
{[%clk 0:08:28]} 34. c6 {[%clk 0:12:09]} Qxf5 {[%clk 0:02:11]} 35. Bc2
{[%clk 0:06:48]} Qb5 {[%clk 0:01:41]} 36. a4 {[%clk 0:04:11]} Qb6
{[%clk 0:01:23]} 37. a5 {[%clk 0:03:40]} Qc7 {[%clk 0:01:34]} 38. b4
{[%clk 0:01:40]} Re6 {[%clk 0:00:51]} 39. b5 {[%clk 0:00:51]} axb5
{[%clk 0:00:58]} 40. a6 {[%clk 0:31:11]} Ne8 41. Rd7 {[%clk 0:29:38]} Qc8
{[%clk 0:26:32]} 42. c7 {[%clk 0:25:19]} Qa8+ {[%clk 0:25:35]} 43. Be4
{[%clk 0:22:35]} Rxe4 {[%clk 0:23:57]} 0-1

[Event "World Chess Olympiad 2018"]
[Site "Batumi"]
[Date "2018.10.02"]
[Round "8"]
[Board "1"]
[WhiteFideId "703303"]
[White "Leko Peter"]
[BlackFideId "503142"]
[Black "Nyback Tomi"]
[Result "1/2-1/2"]
[LiveChessVersion "1.4.8"]
[BlackElo "2579"]
[WhiteElo "2690"]

1. e4 {[%clk 1:30:57]} e5 {[%clk 1:30:54]} 2. Nf3 {[%clk 1:31:23]} Nc6
{[%clk 1:31:20]} 3. Bb5 {[%clk 1:31:48]} a6 {[%clk 1:31:44]} 4. Ba4
{[%clk 1:32:14]} Nf6 {[%clk 1:32:07]} 5. O-O {[%clk 1:32:37]} Be7
{[%clk 1:32:31]} 6. Re1 {[%clk 1:33:03]} b5 {[%clk 1:32:53]} 7. Bb3
{[%clk 1:33:27]} O-O {[%clk 1:33:16]} 8. a4 {[%clk 1:30:22]} b4 {[%clk 1:33:23]}
9. a5 {[%clk 1:29:25]} d6 {[%clk 1:29:14]} 10. d3 {[%clk 1:29:47]} Be6
{[%clk 1:24:47]} 11. Bxe6 {[%clk 1:29:47]} fxe6 {[%clk 1:25:09]} 12. h3
{[%clk 1:28:20]} Nd7 {[%clk 1:14:53]} 13. Nbd2 {[%clk 1:16:22]} d5
{[%clk 0:55:19]} 14. Qe2 {[%clk 0:59:52]} Bd6 {[%clk 0:39:22]} 15. Nb3
{[%clk 0:58:10]} Nc5 {[%clk 0:33:55]} 16. Nxc5 {[%clk 0:37:10]} Bxc5
{[%clk 0:34:14]} 17. Be3 {[%clk 0:37:39]} Qd6 {[%clk 0:24:35]} 18. c3
{[%clk 0:28:48]} bxc3 {[%clk 0:23:33]} 19. bxc3 {[%clk 0:29:16]} Bxe3
{[%clk 0:18:39]} 20. Qxe3 {[%clk 0:29:39]} d4 {[%clk 0:18:38]} 21. cxd4
{[%clk 0:30:03]} Nxd4 {[%clk 0:18:12]} 22. Nxd4 {[%clk 0:30:25]} exd4
{[%clk 0:18:35]} 23. Qd2 {[%clk 0:15:09]} Rfb8 {[%clk 0:18:35]} 24. Rec1
{[%clk 0:13:02]} Rb5 {[%clk 0:17:40]} 25. Ra4 {[%clk 0:12:11]} Rab8
{[%clk 0:17:10]} 26. Rac4 {[%clk 0:11:47]} c5 {[%clk 0:17:15]} 27. g3
{[%clk 0:11:38]} h6 {[%clk 0:16:20]} 28. Kg2 {[%clk 0:10:11]} Rb2
{[%clk 0:13:27]} 29. R4c2 {[%clk 0:09:44]} Rxc2 {[%clk 0:13:37]} 30. Qxc2
{[%clk 0:10:07]} Rb5 {[%clk 0:13:16]} 31. Qa2 {[%clk 0:10:27]} Kh7
{[%clk 0:06:57]} 32. h4 {[%clk 0:10:36]} Kg6 {[%clk 0:03:59]} 33. Rc4
{[%clk 0:08:15]} Kf7 {[%clk 0:04:05]} 34. Rc1 {[%clk 0:05:38]} Qc7
{[%clk 0:03:47]} 35. Ra1 {[%clk 0:05:05]} Ke7 {[%clk 0:03:47]} 36. Qa3
{[%clk 0:03:50]} Kd6 {[%clk 0:03:01]} 37. Qa2 {[%clk 0:03:51]} Qb7
{[%clk 0:02:52]} 38. Qd2 {[%clk 0:02:39]} e5 {[%clk 0:02:09]} 39. Qe2
{[%clk 0:00:55]} Rb2 {[%clk 0:01:47]} 40. Qf3 {[%clk 0:31:15]} Qe7
{[%clk 0:31:09]} 41. Rf1 {[%clk 0:28:08]} Qf6 {[%clk 0:30:42]} 42. Qg4
{[%clk 0:27:02]} Kc7 {[%clk 0:29:38]} 43. Qd1 {[%clk 0:20:58]} Qf7
{[%clk 0:24:26]} 44. Qc1 {[%clk 0:20:40]} Rb5 {[%clk 0:24:47]} 45. Qd2
{[%clk 0:18:17]} Qb3 {[%clk 0:22:14]} 46. Rc1 {[%clk 0:18:40]} Kc6
{[%clk 0:20:23]} 47. Rc2 {[%clk 0:14:27]} Rb4 {[%clk 0:16:00]} 48. f4
{[%clk 0:13:38]} exf4 {[%clk 0:12:17]} 49. gxf4 {[%clk 0:14:06]} c4
{[%clk 0:08:48]} 50. Rxc4+ {[%clk 0:09:09]} Rxc4 {[%clk 0:09:06]} 51. dxc4
{[%clk 0:09:38]} Kc5 {[%clk 0:07:58]} 52. e5 {[%clk 0:09:38]} Qxc4
{[%clk 0:07:36]} 53. Qb2 {[%clk 0:09:12]} d3 {[%clk 0:04:41]} 54. Kf3
{[%clk 0:07:04]} Qc2 {[%clk 0:03:41]} 55. Qb6+ {[%clk 0:06:37]} Kc4
{[%clk 0:03:59]} 56. Qxa6+ {[%clk 0:05:42]} Kb4 {[%clk 0:04:21]} 57. Qd6+
{[%clk 0:02:52]} Kxa5 {[%clk 0:04:32]} 58. Ke3 {[%clk 0:03:00]} Qe2+
{[%clk 0:03:57]} 59. Kd4 {[%clk 0:03:29]} d2 {[%clk 0:04:00]} 60. Qa3+
{[%clk 0:03:29]} Kb5 {[%clk 0:02:08]} 61. Qb3+ {[%clk 0:03:09]} Kc6
{[%clk 0:01:32]} 62. Qe6+ {[%clk 0:02:39]} Kb5 {[%clk 0:01:33]} 63. Qb3+
{[%clk 0:03:04]} Kc6 {[%clk 0:01:52]} 1/2-1/2

[Event "World Chess Olympiad 2018"]
[Site "Batumi"]
[Date "2018.10.02"]
[Round "8"]
[Board "2"]
[WhiteFideId "502081"]
[White "Karttunen Mika"]
[BlackFideId "712779"]
[Black "Gledura Benjamin"]
[Result "0-1"]
[LiveChessVersion "1.4.8"]
[BlackElo "2621"]
[WhiteElo "2472"]

1. d4 {[%clk 1:30:54]} Nf6 {[%clk 1:30:49]} 2. c4 {[%clk 1:31:12]} g6
{[%clk 1:31:11]} 3. Nc3 {[%clk 1:31:30]} d5 {[%clk 1:31:30]} 4. cxd5
{[%clk 1:31:41]} Nxd5 {[%clk 1:31:54]} 5. e4 {[%clk 1:32:03]} Nxc3
{[%clk 1:32:16]} 6. bxc3 {[%clk 1:32:27]} Bg7 {[%clk 1:32:31]} 7. Nf3
{[%clk 1:32:25]} c5 {[%clk 1:32:49]} 8. Be3 {[%clk 1:32:34]} Qa5 {[%clk 1:33:01]}
9. Qd2 {[%clk 1:32:48]} O-O {[%clk 1:32:17]} 10. Rc1 {[%clk 1:27:04]} Rd8
{[%clk 1:32:17]} 11. d5 {[%clk 1:25:08]} e6 {[%clk 1:31:12]} 12. c4
{[%clk 1:16:01]} Qxd2+ {[%clk 1:31:18]} 13. Nxd2 {[%clk 1:09:01]} Na6
{[%clk 1:30:00]} 14. Be2 {[%clk 1:05:34]} b6 {[%clk 1:27:05]} 15. O-O
{[%clk 1:02:35]} Bd7 {[%clk 1:24:42]} 16. a3 {[%clk 0:51:25]} Re8
{[%clk 1:19:25]} 17. Nf3 {[%clk 0:39:52]} Nc7 {[%clk 1:09:40]} 18. d6
{[%clk 0:19:34]} Na6 {[%clk 1:06:18]} 19. e5 {[%clk 0:19:58]} Bc6
{[%clk 1:03:05]} 20. Rfe1 {[%clk 0:15:18]} Nb8 {[%clk 1:02:47]} 21. Bf4
{[%clk 0:15:32]} Nd7 {[%clk 1:02:41]} 22. Bd3 {[%clk 0:13:30]} a6
{[%clk 0:55:23]} 23. h4 {[%clk 0:09:18]} b5 {[%clk 0:51:28]} 24. h5
{[%clk 0:07:43]} Rab8 {[%clk 0:43:03]} 25. hxg6 {[%clk 0:04:54]} hxg6
{[%clk 0:42:40]} 26. Be4 {[%clk 0:04:52]} Rec8 {[%clk 0:39:40]} 27. g4
{[%clk 0:03:36]} Bxe4 {[%clk 0:36:00]} 28. Rxe4 {[%clk 0:04:02]} b4
{[%clk 0:36:20]} 29. g5 {[%clk 0:03:05]} bxa3 {[%clk 0:35:20]} 30. Ra1
{[%clk 0:03:08]} Rb3 {[%clk 0:33:04]} 31. Re3 {[%clk 0:03:17]} Rb4
{[%clk 0:30:08]} 32. Raxa3 {[%clk 0:01:50]} Rxc4 {[%clk 0:30:04]} 33. Bg3
{[%clk 0:02:12]} Rc1+ {[%clk 0:25:49]} 34. Kg2 {[%clk 0:02:24]} c4
{[%clk 0:26:14]} 35. Bf4 {[%clk 0:01:12]} Rd1 {[%clk 0:25:45]} 36. Ra2
{[%clk 0:00:56]} Nb6 {[%clk 0:24:19]} 37. Re1 {[%clk 0:00:56]} Rxe1
{[%clk 0:23:01]} 38. Nxe1 {[%clk 0:01:23]} Nd7 {[%clk 0:22:49]} 39. Ra5
{[%clk 0:01:01]} c3 {[%clk 0:22:42]} 40. Nc2 {[%clk 0:31:21]} Rb8
{[%clk 0:51:30]} 41. Kf3 {[%clk 0:18:57]} Rb2 {[%clk 0:48:10]} 42. Ne1
{[%clk 0:10:07]} Rd2 {[%clk 0:46:04]} 43. Ke3 {[%clk 0:08:13]} Nb6
{[%clk 0:43:16]} 44. Rxa6 {[%clk 0:06:27]} Nd5+ {[%clk 0:27:29]} 45. Ke4
{[%clk 0:05:11]} Nxf4 {[%clk 0:25:04]} 46. Kxf4 {[%clk 0:05:35]} Rd4+
{[%clk 0:24:58]} 47. Ke3 {[%clk 0:05:59]} Bxe5 {[%clk 0:24:56]} 48. Nf3
{[%clk 0:05:56]} Rd5 {[%clk 0:23:20]} 49. Nxe5 {[%clk 0:02:18]} c2
{[%clk 0:19:07]} 50. Rc6 {[%clk 0:02:41]} Rxe5+ {[%clk 0:19:30]} 51. Kf4
{[%clk 0:01:49]} Rf5+ {[%clk 0:19:39]} 52. Ke3 {[%clk 0:02:14]} Rxg5
{[%clk 0:19:31]} 53. Rxc2 {[%clk 0:02:00]} Re5+ {[%clk 0:19:44]} 54. Kf4
{[%clk 0:02:15]} Rd5 {[%clk 0:20:09]} 55. Rc6 {[%clk 0:02:41]} Kg7
{[%clk 0:20:05]} 56. Ke4 {[%clk 0:03:05]} g5 {[%clk 0:18:42]} 57. Ra6
{[%clk 0:01:47]} f5+ {[%clk 0:18:39]} 58. Ke3 {[%clk 0:02:13]} Kf6
{[%clk 0:19:04]} 59. f4 {[%clk 0:02:24]} gxf4+ {[%clk 0:18:47]} 60. Kxf4
{[%clk 0:02:49]} e5+ {[%clk 0:18:58]} 61. Ke3 {[%clk 0:02:57]} Ke6
{[%clk 0:19:18]} 62. d7+ {[%clk 0:03:14]} Ke7 {[%clk 0:19:35]} 63. Rh6
{[%clk 0:01:52]} Rxd7 {[%clk 0:19:59]} 64. Rh7+ {[%clk 0:02:05]} Ke6
{[%clk 0:20:19]} 65. Rh6+ {[%clk 0:02:30]} Kd5 {[%clk 0:20:39]} 66. Rf6
{[%clk 0:02:56]} f4+ {[%clk 0:21:03]} 67. Kf3 {[%clk 0:03:03]} Rg7
{[%clk 0:21:27]} 68. Ra6 {[%clk 0:03:08]} Rg3+ {[%clk 0:21:51]} 69. Kf2
{[%clk 0:03:33]} Rb3 {[%clk 0:22:06]} 70. Ra5+ {[%clk 0:03:51]} Ke4
{[%clk 0:22:29]} 71. Ra4+ {[%clk 0:04:15]} Kf5 {[%clk 0:22:52]} 72. Ra8
{[%clk 0:04:39]} Rb2+ {[%clk 0:23:17]} 73. Kf3 {[%clk 0:04:43]} e4#
{[%clk 0:23:41]} 0-1

[Event "World Chess Olympiad 2018"]
[Site "Batumi"]
[Date "2018.10.02"]
[Round "8"]
[Board "3"]
[WhiteFideId "702293"]
[White "Almasi Zoltan"]
[BlackFideId "509825"]
[Black "Keinanen Toivo"]
[Result "1/2-1/2"]
[LiveChessVersion "1.4.8"]
[BlackElo "2402"]
[WhiteElo "2702"]

1. Nf3 {[%clk 1:30:53]} d5 {[%clk 1:28:56]} 2. g3 {[%clk 1:31:14]} Nf6
{[%clk 1:26:11]} 3. Bg2 {[%clk 1:31:27]} e6 {[%clk 1:25:39]} 4. c4
{[%clk 1:31:11]} dxc4 {[%clk 1:25:23]} 5. Qa4+ {[%clk 1:31:27]} Bd7
{[%clk 1:22:51]} 6. Qxc4 {[%clk 1:31:45]} c5 {[%clk 1:23:14]} 7. Ne5
{[%clk 1:31:37]} Qc8 {[%clk 1:20:46]} 8. Qd3 {[%clk 1:31:07]} Nc6
{[%clk 1:20:21]} 9. Nxd7 {[%clk 1:31:32]} Nxd7 {[%clk 1:18:07]} 10. Nc3
{[%clk 1:31:55]} Be7 {[%clk 1:16:12]} 11. O-O {[%clk 1:30:50]} O-O
{[%clk 1:15:29]} 12. b3 {[%clk 1:30:31]} Rd8 {[%clk 1:11:11]} 13. Rd1
{[%clk 1:29:23]} Nf6 {[%clk 1:09:51]} 14. Qb1 {[%clk 1:28:35]} Qd7
{[%clk 1:07:27]} 15. Bb2 {[%clk 1:26:18]} Rac8 {[%clk 1:06:13]} 16. e3
{[%clk 1:22:19]} b6 {[%clk 1:04:26]} 17. h3 {[%clk 1:02:53]} Nd5 {[%clk 1:00:26]}
18. Ne2 {[%clk 0:48:07]} Qc7 {[%clk 0:56:23]} 19. a3 {[%clk 0:47:18]} Bf6
{[%clk 0:51:00]} 20. Bxf6 {[%clk 0:47:00]} Nxf6 {[%clk 0:51:10]} 21. b4
{[%clk 0:47:11]} c4 {[%clk 0:44:53]} 22. d3 {[%clk 0:46:14]} cxd3
{[%clk 0:41:45]} 23. Rxd3 {[%clk 0:46:33]} a5 {[%clk 0:32:00]} 24. Rc3
{[%clk 0:37:05]} Qd6 {[%clk 0:26:46]} 25. Qc2 {[%clk 0:34:32]} Ne7
{[%clk 0:25:16]} 26. bxa5 {[%clk 0:34:28]} bxa5 {[%clk 0:25:39]} 27. Rc1
{[%clk 0:28:01]} h6 {[%clk 0:21:49]} 28. Qb3 {[%clk 0:16:10]} Qd2
{[%clk 0:18:56]} 29. Bf3 {[%clk 0:07:48]} a4 {[%clk 0:12:01]} 30. Qc2
{[%clk 0:06:54]} Qxc2 {[%clk 0:06:03]} 31. R1xc2 {[%clk 0:07:20]} Rd1+
{[%clk 0:05:05]} 32. Kg2 {[%clk 0:07:49]} Rxc3 {[%clk 0:02:14]} 33. Nxc3
{[%clk 0:08:16]} Ra1 {[%clk 0:02:37]} 34. Nb5 {[%clk 0:08:39]} Nfd5
{[%clk 0:01:41]} 35. e4 {[%clk 0:07:11]} Nb6 {[%clk 0:01:38]} 36. Rc7
{[%clk 0:06:59]} Ng6 {[%clk 0:01:50]} 37. Rc6 {[%clk 0:01:15]} Nd7
{[%clk 0:02:20]} 38. Rc4 {[%clk 0:01:02]} Nb6 {[%clk 0:01:42]} 39. Rd4
{[%clk 0:00:58]} Ne5 {[%clk 0:01:09]} 40. Be2 {[%clk 0:31:17]} g5
{[%clk 0:31:05]} 41. Rd6 {[%clk 0:22:03]} Nbc4 {[%clk 0:23:00]} 42. Bxc4
{[%clk 0:10:11]} 1/2-1/2